[Event "AUT-ch Open 2020"]
[Site "Graz"]
[Date "2020.02.15"]
[Round "2.19"]
[White "Moscicka, Pola"]
[Black "Lodici, Lorenzo"]
[Result "0-1"]
[WhiteElo "1948"]
[BlackElo "2492"]
[Annotator "ChessBase"]
[PlyCount "94"]
[EventDate "2020.02.14"]
[EventType "swiss"]
[EventCountry "AUT"]
[SourceTitle "playchess.com"]
[Source "ChessBase"]
[SourceQuality "1"]
[TimeControl "40/5400+30:1800+30"]

1. d4 {[%emt 0:00:00]} Nf6 {[%emt 0:00:00]} 2. c4 {[%emt 0:00:00]} e6 {[%emt 0:00:00]} 3. g3 {[%emt 0:00:00]} d5 {[%emt 0:00:05]} 4. Nf3 {[%emt 0:00:00]} Bb4+ {[%emt 0:00:25]} 5. Bd2 {[%emt 0:00:34]} Bd6 {[%emt 0:00:05]} 6. Bg2 {[%emt 0:00:40]} O-O {[%emt 0:00:14]} 7. Qc2 {[%emt 0:00:21]} c6 {[%emt 0:00:44]} 8. O-O {[%emt 0:02:11]} Nbd7 {[%emt 0:00:05]} 9. b3 {[%emt 0:08:06]} Ne4 {[%emt 0:04:17]} 10. Nc3 {[%emt 0:02:46]} Nxd2 {[%emt 0:02:41]} 11. Qxd2 {[%emt 0:01:01]} b6 {[%emt 0:01:57]} 12. a3 {[%emt 0:10:54]} Ba6 {[%emt 0:09:00]} 13. Qa2 {[%emt 0:00:57]} Rc8 {[%emt 0:01:47]} 14. e4 {[%emt 0:04:46]} dxc4 {[%emt 0:02:00]} 15. bxc4 {[%emt 0:00:17]} e5 {[%emt 0:01:07]} 16. Rfd1 {[%emt 0:03:41]} Qe7 {[%emt 0:12:12]} 17. Bh3 {[%emt 0:04:24]} exd4 {[%emt 0:01:47]} 18. Nxd4 {[%emt 0:02:19]} g6 {[%emt 0:01:15]} 19. Rac1 {[%emt 0:05:23]} Rfd8 {[%emt 0:04:11]} 20. f4 {[%emt 0:05:38]} Bc5 {[%emt 0:05:19]} 21. Kh1 {[%emt 0:03:25]} Rc7 {[%emt 0:02:32]} 22. Ndb5 {[%emt 0:07:38]} cxb5 {[%emt 0:06:35]} 23. Nd5 {[%emt 0:03:51]} Qd6 {[%emt 0:00:11]} 24. e5 {[%emt 0:11:47]} Nxe5 {[%emt 0:06:07]} 25. fxe5 {[%emt 0:00:08]} Qxe5 {[%emt 0:00:31]} 26. Nxc7 {[%emt 0:05:46]} Qxc7 {[%emt 0:00:02]} 27. cxb5 {[%emt 0:00:30]} Bxb5 {[%emt 0:00:03]} 28. Bg2 {[%emt 0:01:13]} Re8 {[%emt 0:04:23]} 29. Re1 {[%emt 0:00:23]} Rf8 {[%emt 0:03:05]} 30. a4 {[%emt 0:01:43]} Bd7 {[%emt 0:05:20]} 31. Bd5 {[%emt 0:01:10]} Bf5 {[%emt 0:03:05]} 32. Qc4 {[%emt 0:03:54]} Kg7 {[%emt 0:01:46]} 33. Rf1 {[%emt 0:04:44]} f6 {[%emt 0:03:34]} 34. g4 {[%emt 0:01:13]} Bc8 {[%emt 0:01:43]} 35. g5 {[%emt 0:02:03]} Bf5 {[%emt 0:00:40]} 36. Rce1 {[%emt 0:01:16]} fxg5 {[%emt 0:00:50]} 37. Qc3+ {[%emt 0:00:25]} Kh6 {[%emt 0:00:47]} 38. h4 {[%emt 0:00:55]} Qd8 {[%emt 0:01:48]} 39. Qc4 {[%emt 0:02:01]} gxh4 {[%emt 0:01:11]} 40. Re5 {[%emt 0:01:14]} Qg5 {[%emt 0:01:19]} 41. Bg2 {[%emt 0:07:26]} Qg3 {[%emt 0:02:53]} 42. Qc1+ {[%emt 0:03:38]} Qg5 {[%emt 0:01:45]} 43. Rf4 {[%emt 0:00:41]} Bf2 {[%emt 0:02:01]} 44. Qa3 {[%emt 0:06:35]} Qxf4 {[%emt 0:00:37]} 45. Qxf8+ {[%emt 0:00:07]} Kh5 {[%emt 0:00:07]} 46. Re7 {[%emt 0:01:45]} Qc1+ {[%emt 0:00:09]} 47. Kh2 {[%emt 0:00:03]} Bg3# {[%emt 0:00:39]} 0-1

[Event "AUT-ch Open 2020"]
[Site "Graz"]
[Date "2020.02.15"]
[Round "2.20"]
[White "Kilgus, Georg"]
[Black "Danner, Georg"]
[Result "1-0"]
[WhiteElo "2450"]
[BlackElo "2295"]
[Annotator "ChessBase"]
[PlyCount "83"]
[EventDate "2020.02.14"]
[EventType "swiss"]
[EventCountry "AUT"]
[SourceTitle "playchess.com"]
[Source "ChessBase"]
[SourceQuality "1"]
[TimeControl "40/5400+30:1800+30"]

1. d4 {[%emt 0:00:00]} c5 {[%emt 0:00:00]} 2. d5 {[%emt 0:00:00]} g6 {[%emt 0:00:00]} 3. e4 {[%emt 0:00:00]} Bg7 {[%emt 0:00:00]} 4. c4 {[%emt 0:00:00]} d6 {[%emt 0:00:00]} 5. Nc3 {[%emt 0:00:58]} Nf6 {[%emt 0:01:20]} 6. Bd3 {[%emt 0:00:04]} O-O {[%emt 0:00:17]} 7. Nge2 {[%emt 0:00:02]} e6 {[%emt 0:03:13]} 8. O-O {[%emt 0:00:10]} exd5 {[%emt 0:00:05]} 9. cxd5 {[%emt 0:00:03]} Na6 {[%emt 0:00:41]} 10. Ng3 {[%emt 0:03:02]} Nc7 {[%emt 0:00:19]} 11. Bf4 {[%emt 0:03:58]} a6 {[%emt 0:01:35]} 12. a4 {[%emt 0:01:56]} Rb8 {[%emt 0:00:47]} 13. Qd2 {[%emt 0:00:20]} b5 {[%emt 0:05:07]} 14. axb5 {[%emt 0:03:41]} axb5 {[%emt 0:00:05]} 15. b4 {[%emt 0:00:03]} c4 {[%emt 0:20:17]} 16. Bc2 {[%emt 0:03:39]} Ng4 {[%emt 0:02:20]} 17. h3 {[%emt 0:11:31]} Ne5 {[%emt 0:00:41]} 18. Bg5 {[%emt 0:00:03]} Qe8 {[%emt 0:15:37]} 19. Bh6 {[%emt 0:09:49]} f6 20. Bxg7 {[%emt 0:11:11]} Kxg7 {[%emt 0:21:32]} 21. f4 {[%emt 0:00:06]} Nf7 {[%emt 0:00:51]} 22. Nce2 {[%emt 0:05:10]} Bd7 {[%emt 0:01:50]} 23. Ra7 {[%emt 0:16:51]} Qc8 {[%emt 0:00:15]} 24. Rfa1 {[%emt 0:00:03]} Ra8 {[%emt 0:01:26]} 25. Rxa8 {[%emt 0:01:40]} Nxa8 {[%emt 0:00:04]} 26. Qd4 {[%emt 0:00:37]} Nc7 {[%emt 0:00:56]} 27. Qb6 {[%emt 0:02:20]} Na8 {[%emt 0:06:06]} 28. Qa7 {[%emt 0:01:22]} Re8 {[%emt 0:09:46]} 29. Nd4 {[%emt 0:00:31]} Kf8 {[%emt 0:00:15]} 30. Nge2 {[%emt 0:05:44]} Nc7 {[%emt 0:03:16]} 31. Qb6 {[%emt 0:03:09]} Na8 {[%emt 0:05:42]} 32. Qa7 {[%emt 0:00:03]} Nc7 {[%emt 0:00:28]} 33. Nc3 {[%emt 0:00:23]} Bxh3 {[%emt 0:00:53]} 34. f5 {[%emt 0:00:02]} gxf5 {[%emt 0:00:30]} 35. exf5 {[%emt 0:01:33]} Bg4 {[%emt 0:00:12]} 36. Ne6+ {[%emt 0:01:09]} Nxe6 {[%emt 0:00:04]} 37. dxe6 {[%emt 0:00:53]} Ng5 {[%emt 0:00:51]} 38. Qd4 {[%emt 0:00:41]} Qd8 {[%emt 0:01:05]} 39. Qxg4 {[%emt 0:02:06]} Qb6+ {[%emt 0:00:10]} 40. Kf1 {[%emt 0:04:25]} Qe3 {[%emt 0:00:13]} 41. Nxb5 {[%emt 0:30:52]} Qd2 {[%emt 0:08:43]} 42. Qd4 {[%emt 0:00:00]} 1-0

[Event "AUT-ch Open 2020"]
[Site "Graz"]
[Date "2020.02.15"]
[Round "2.20"]
[White "Valeanu, Eduard-Andrei"]
[Black "Skuhala, Barbara"]
[Result "1-0"]
[WhiteElo "2427"]
[BlackElo "2109"]
[Annotator "ChessBase"]
[PlyCount "59"]
[EventDate "2020.02.14"]
[EventType "swiss"]
[EventCountry "AUT"]
[SourceTitle "playchess.com"]
[Source "ChessBase"]
[SourceQuality "1"]
[TimeControl "40/5400+30:1800+30"]

1. e4 {[%emt 0:00:46]} c5 {[%emt 0:00:00]} 2. Nf3 {[%emt 0:00:39]} d6 {[%emt 0:00:00]} 3. Bc4 {[%emt 0:00:39]} e6 {[%emt 0:01:37]} 4. O-O {[%emt 0:00:56]} Nf6 {[%emt 0:01:18]} 5. Re1 {[%emt 0:00:38]} Be7 {[%emt 0:02:14]} 6. c3 {[%emt 0:00:14]} O-O {[%emt 0:01:18]} 7. Bb3 {[%emt 0:00:06]} d5 {[%emt 0:06:39]} 8. e5 {[%emt 0:00:08]} Ne8 {[%emt 0:00:20]} 9. d4 {[%emt 0:00:06]} cxd4 {[%emt 0:06:54]} 10. cxd4 {[%emt 0:00:05]} Nc6 {[%emt 0:00:36]} 11. Nc3 {[%emt 0:00:19]} a6 {[%emt 0:00:43]} 12. Bc2 {[%emt 0:05:50]} g6 {[%emt 0:03:30]} 13. Bh6 {[%emt 0:00:26]} Ng7 {[%emt 0:00:04]} 14. Rc1 {[%emt 0:01:17]} Bd7 {[%emt 0:12:07]} 15. Qd2 {[%emt 0:04:56]} f6 {[%emt 0:04:41]} 16. exf6 {[%emt 0:02:36]} Bxf6 {[%emt 0:01:27]} 17. Na4 {[%emt 0:05:45]} b6 {[%emt 0:02:04]} 18. h4 {[%emt 0:09:15]} Re8 {[%emt 0:18:18]} 19. Bg5 {[%emt 0:02:57]} Bxg5 {[%emt 0:05:24]} 20. Nxg5 {[%emt 0:00:15]} Rb8 {[%emt 0:01:15]} 21. Nf3 {[%emt 0:08:46]} Qf6 {[%emt 0:04:33]} 22. Nc3 {[%emt 0:03:22]} Nf5 {[%emt 0:08:39]} 23. Bxf5 {[%emt 0:00:34]} gxf5 {[%emt 0:00:37]} 24. Qf4 {[%emt 0:01:02]} Rb7 {[%emt 0:06:38]} 25. Re3 {[%emt 0:01:56]} Kh8 {[%emt 0:02:16]} 26. Ne2 {[%emt 0:03:43]} Qg7 {[%emt 0:04:42]} 27. Qd6 {[%emt 0:00:59]} Na5 {[%emt 0:00:50]} 28. Ne5 {[%emt 0:01:15]} Bb5 {[%emt 0:00:50]} 29. Nf4 {[%emt 0:02:41]} Qe7 {[%emt 0:01:53]} 30. Nfg6+ {[%emt 0:00:12]} 1-0

[Event "AUT-ch Open 2020"]
[Site "Graz"]
[Date "2020.02.15"]
[Round "2.21"]
[White "Gajek, Radoslaw"]
[Black "Ozturk, Kubra"]
[Result "1-0"]
[WhiteElo "2438"]
[BlackElo "2286"]
[Annotator "ChessBase"]
[PlyCount "91"]
[EventDate "2020.02.14"]
[EventType "swiss"]
[EventCountry "AUT"]
[SourceTitle "playchess.com"]
[Source "ChessBase"]
[SourceQuality "1"]
[TimeControl "40/5400+30:1800+30"]

1. Nf3 {[%emt 0:00:00]} d5 {[%emt 0:00:00]} 2. e3 {[%emt 0:00:00]} Nf6 {[%emt 0:00:19]} 3. c4 {[%emt 0:00:00]} e6 {[%emt 0:00:47]} 4. Nc3 {[%emt 0:01:13]} Be7 {[%emt 0:01:06]} 5. g4 {[%emt 0:03:43]} O-O {[%emt 0:06:41]} 6. g5 {[%emt 0:03:50]} Nh5 {[%emt 0:01:33]} 7. Ne5 {[%emt 0:14:53]} g6 {[%emt 0:00:40]} 8. Be2 {[%emt 0:04:57]} Bd6 {[%emt 0:42:42]} 9. d4 {[%emt 0:01:25]} Ng7 {[%emt 0:04:14]} 10. cxd5 {[%emt 0:00:21]} Bxe5 {[%emt 0:02:48]} 11. dxe5 {[%emt 0:00:06]} Qxg5 {[%emt 0:00:34]} 12. Qd4 {[%emt 0:05:21]} Nd7 {[%emt 0:11:05]} 13. b3 exd5 {[%emt 0:12:30]} 14. Ba3 {[%emt 0:05:38]} c5 15. Qxd5 {[%emt 0:00:57]} Re8 {[%emt 0:01:30]} 16. Ne4 {[%emt 0:04:04]} Qxe5 {[%emt 0:01:01]} 17. Qxe5 {[%emt 0:00:57]} Rxe5 {[%emt 0:00:57]} 18. Nd6 {[%emt 0:00:59]} Nb6 {[%emt 0:01:16]} 19. Bb2 {[%emt 0:00:56]} Rd5 {[%emt 0:01:44]} 20. Ne4 {[%emt 0:00:37]} Ne8 {[%emt 0:01:42]} 21. Rc1 {[%emt 0:00:19]} c4 {[%emt 0:02:06]} 22. bxc4 {[%emt 0:01:11]} Ra5 {[%emt 0:00:17]} 23. c5 {[%emt 0:03:35]} Rxa2 {[%emt 0:02:45]} 24. Bd4 {[%emt 0:00:39]} Na4 {[%emt 0:00:26]} 25. Bc4 {[%emt 0:00:23]} Ra3 {[%emt 0:00:16]} 26. Ng5 {[%emt 0:01:52]} Kf8 {[%emt 0:00:57]} 27. Nxf7 {[%emt 0:02:00]} Ke7 {[%emt 0:00:32]} 28. Ne5 {[%emt 0:01:47]} Be6 {[%emt 0:01:15]} 29. O-O {[%emt 0:04:07]} Rc8 {[%emt 0:00:54]} 30. c6 {[%emt 0:00:35]} b6 {[%emt 0:01:17]} 31. Ra1 {[%emt 0:09:46]} Rxa1 {[%emt 0:01:09]} 32. Rxa1 {[%emt 0:00:05]} Nc5 {[%emt 0:00:15]} 33. Rxa7+ {[%emt 0:03:25]} Rc7 {[%emt 0:00:01]} 34. Ra8 {[%emt 0:01:16]} Bxc4 {[%emt 0:00:33]} 35. Nxc4 {[%emt 0:00:08]} Rxc6 {[%emt 0:00:24]} 36. Nxb6 {[%emt 0:00:29]} Ne6 {[%emt 0:01:03]} 37. Nd5+ {[%emt 0:02:32]} Kd6 {[%emt 0:00:25]} 38. Nb4 {[%emt 0:00:51]} Rc1+ {[%emt 0:00:08]} 39. Kg2 {[%emt 0:00:04]} N8c7 {[%emt 0:00:24]} 40. Rb8 {[%emt 0:08:23]} Rb1 {[%emt 0:01:06]} 41. Rb6+ {[%emt 0:31:24]} Kd7 {[%emt 0:30:15]} 42. Be5 {[%emt 0:00:42]} Rd1 {[%emt 0:00:00]} 43. Bg3 {[%emt 0:00:00]} Rd2 {[%emt 0:00:00]} 44. h4 {[%emt 0:00:00]} Rd1 {[%emt 0:00:00]} 45. h5 {[%emt 0:00:00]} Rc1 {[%emt 0:00:00]} 46. Nd3 1-0

[Event "AUT-ch Open 2020"]
[Site "Graz"]
[Date "2020.02.15"]
[Round "2.21"]
[White "Nieminen, Kari"]
[Black "Secheres, Adrian-Simion"]
[Result "*"]
[WhiteElo "2112"]
[BlackElo "2387"]
[Annotator "TA"]
[PlyCount "110"]
[EventDate "2020.02.14"]
[EventType "swiss"]
[EventCountry "AUT"]
[SourceTitle "playchess.com"]
[Source "ChessBase"]
[SourceQuality "1"]

{[%evp 9,110,12,14,10,19,9,18,-8,6,-23,-19,-21,-20,-44,0,-11,0,0,0,0,0,0,25,0,-7,-17,0,0,17,20,42,48,65,-12,-8,-1,5,-17,0,0,14,0,0,0,0,-33,-34,-41,-28,-147,-145,-199,-196,-252,-154,-225,-226,-206,-175,-221,-227,-215,-219,-205,-141,-141,-136,-141,-138,-129,-110,-110,-15,-122,-119,-182,-145,-304,-301,-282,-287,-459,-455,-407,-258,-229,-206,-493,-343,-477,-291,-433,-282,-291,-287,-272,-273,-418,-286,-264,-254,-290,647]} 1. e4 c5 2. Nc3 Nc6 3. Bb5 Nd4 4. Nf3 a6 5. Bd3 g6 6. O-O {B23: Closed Sicilian: Lines without g3.} Bg7 7. Re1 {[#]} d6 $146 ({Predecessor:} 7... e6 8. Rb1 Nc6 9. Bf1 d6 10. a3 Qc7 11. b4 Nf6 12. bxc5 dxc5 13. Bb2 O-O {½-½ (41) Serradimigni,R (2480)-Szczepankiewicz,D (2445) ICCF email 2017}) 8. h3 {The position is equal.} Nf6 9. Rb1 O-O 10. b4 Nd7 11. Bf1 b5 12. a4 $1 {[%cal Ra4b5]} bxa4 13. Nxd4 cxd4 14. Nxa4 Bb7 15. c3 f5 16. Bc4+ (16. cxd4 {feels hotter.} fxe4 17. Qb3+ Kh8 18. Bb2 e5 19. Qe3) 16... Kh8 17. Bd5 Bxd5 18. exd5 f4 19. f3 Ne5 20. Re4 Rf5 21. d3 ({White should try} 21. Rxd4 $14 Nd7 22. Rc4) 21... dxc3 $11 22. Nxc3 Qb6+ 23. Kh1 g5 (23... Nxf3 $5 24. Qxf3 (24. Na4 Qf2 $17) 24... Bxc3 $11) 24. Ne2 Ng6 25. Bb2 Bxb2 26. Rxb2 Rxd5 27. Qb3 Re5 28. Rxe5 dxe5 29. Rc2 (29. Nc3 $1 $11 {keeps the balance.}) 29... Rb8 $17 30. Rc4 (30. Rb2 $17 {is a better defense.}) 30... Qf2 $19 {( -> ...Nh4)} 31. Ng1 (31. Rc2 $142) 31... Rd8 32. Rc2 (32. Rc7 $17) 32... Qd4 33. Rc3 Nh4 34. Qb2 Kg7 35. Qb3 Nf5 36. Kh2 Rd6 ({Not} 36... Qf2 37. Qe6 $11) 37. Rc8 Qd5 ({Don't take} 37... Qxd3 38. Qg8+ Kh6 39. Qf8+ Ng7 40. Qxe7 $15) 38. Qc3 Ne3 $40 {[%mdl 128] ...Qa2! is the strong threat. Black is out for blood.} 39. Rc5 Nf1+ 40. Kh1 Ng3+ 41. Kh2 Qd4 ({But not} 41... Qxd3 42. Qxe5+ Kf7 43. Rc7 $1 $11 {[%mdl 512]}) 42. Qe1 (42. Qxd4 $17 Nf1+ 43. Kh1 Rxd4 44. Rxe5) 42... Kf6 43. Ra5 $2 (43. h4 $17 {was forced.}) 43... Rc6 44. h4 gxh4 45. Nh3 (45. Qa1 $142) 45... Qe3 46. Ra1 {and the idea Nf2 leaves White hopeful.} Qxe1 47. Rxe1 {[%mdl 4096] Endgame KRN-KRN} Rc2 48. Kg1 $2 (48. Ra1) 48... h5 49. Ra1 Kf5 50. Nf2 (50. Kh2 {was the only defense.}) 50... Rb2 51. Rxa6 Rxb4 52. Ra1 Rb2 53. Ra7 (53. Rd1 $142) 53... Re2 54. Ra1 Rd2 55. Ra3 {[#]} Rd1+ $4 {[%mdl 8192] Accuracy: White = 51%, Black = 63%.} (55... h3 $1 $19 56. gxh3 (56. Nxh3 Rd1+) 56... Ne2+ 57. Kf1 Nd4) *

[Event "AUT-ch Open 2020"]
[Site "Graz"]
[Date "2020.02.15"]
[Round "2.22"]
[White "Ongut, Tamas Gunes"]
[Black "David, Alexandru-Vasile"]
[Result "0-1"]
[WhiteElo "2302"]
[BlackElo "2436"]
[Annotator "ChessBase"]
[PlyCount "66"]
[EventDate "2020.02.14"]
[EventType "swiss"]
[EventCountry "AUT"]
[SourceTitle "playchess.com"]
[Source "ChessBase"]
[SourceQuality "1"]
[TimeControl "40/5400+30:1800+30"]

1. d4 {[%emt 0:00:00]} Nf6 {[%emt 0:00:00]} 2. Nf3 {[%emt 0:00:00]} e6 {[%emt 0:00:10]} 3. g3 {[%emt 0:00:00]} b5 {[%emt 0:01:11]} 4. Bg2 {[%emt 0:00:15]} Bb7 {[%emt 0:00:14]} 5. O-O {[%emt 0:00:17]} Be7 {[%emt 0:00:16]} 6. Bg5 {[%emt 0:02:04]} O-O {[%emt 0:02:50]} 7. Nbd2 {[%emt 0:03:01]} a6 {[%emt 0:04:18]} 8. c4 {[%emt 0:09:45]} d6 {[%emt 0:00:54]} 9. Qc2 {[%emt 0:06:45]} h6 {[%emt 0:01:09]} 10. Bxf6 {[%emt 0:00:44]} Bxf6 {[%emt 0:00:04]} 11. Rad1 {[%emt 0:02:46]} g6 {[%emt 0:03:23]} 12. Ne1 {[%emt 0:09:16]} Bxg2 {[%emt 0:01:09]} 13. Nxg2 {[%emt 0:00:18]} c6 {[%emt 0:01:11]} 14. Nf3 {[%emt 0:07:16]} Nd7 {[%emt 0:03:25]} 15. e4 {[%emt 0:15:34]} Qe7 {[%emt 0:03:29]} 16. Ne3 {[%emt 0:05:07]} Bg7 {[%emt 0:03:03]} 17. Rfe1 {[%emt 0:06:25]} Rac8 {[%emt 0:01:21]} 18. b3 {[%emt 0:10:11]} b4 19. Qd3 a5 20. Kg2 c5 21. d5 e5 22. Nh4 Nf6 23. Qe2 Qd7 24. Qf3 a4 25. h3 h5 26. g4 Qd8 27. Rh1 Nxe4 28. Qxe4 Qxh4 29. Kf3 axb3 30. axb3 Ra8 31. gxh5 Qxe4+ 32. Kxe4 f5+ 33. Kf3 e4+ 0-1

[Event "AUT-ch Open 2020"]
[Site "Graz"]
[Date "2020.02.15"]
[Round "2.22"]
[White "Peycheva, Gergana"]
[Black "Higatsberger, Michael"]
[Result "1-0"]
[WhiteElo "2286"]
[BlackElo "2096"]
[Annotator "ChessBase"]
[PlyCount "45"]
[EventDate "2020.02.14"]
[EventType "swiss"]
[EventCountry "AUT"]
[SourceTitle "playchess.com"]
[Source "ChessBase"]
[SourceQuality "1"]
[TimeControl "40/5400+30:1800+30"]

1. d4 {[%emt 0:00:00]} d5 {[%emt 0:00:00]} 2. c4 {[%emt 0:00:00]} c5 {[%emt 0:00:00]} 3. cxd5 {[%emt 0:00:29]} Qxd5 {[%emt 0:00:01]} 4. e3 {[%emt 0:00:52]} cxd4 {[%emt 0:00:50]} 5. Nc3 {[%emt 0:00:29]} Qd8 {[%emt 0:03:11]} 6. exd4 {[%emt 0:00:39]} Nf6 {[%emt 0:00:26]} 7. Nf3 {[%emt 0:00:59]} e6 {[%emt 0:02:20]} 8. Bd3 {[%emt 0:01:41]} Be7 {[%emt 0:09:50]} 9. O-O {[%emt 0:02:36]} O-O {[%emt 0:01:06]} 10. Re1 {[%emt 0:01:52]} Nc6 {[%emt 0:02:18]} 11. a3 {[%emt 0:02:47]} Re8 {[%emt 0:18:16]} 12. Bc2 {[%emt 0:03:21]} g6 {[%emt 0:04:46]} 13. Qd3 {[%emt 0:05:14]} b6 {[%emt 0:05:54]} 14. Bh6 {[%emt 0:03:12]} Nd5 {[%emt 0:08:45]} 15. Rad1 {[%emt 0:10:19]} Nxc3 {[%emt 0:08:15]} 16. Qxc3 {[%emt 0:03:02]} Bd7 {[%emt 0:01:42]} 17. d5 {[%emt 0:05:33]} Bf6 {[%emt 0:00:12]} 18. Qd2 {[%emt 0:03:56]} exd5 {[%emt 0:03:42]} 19. Qxd5 {[%emt 0:02:08]} Rxe1+ {[%emt 0:00:41]} 20. Rxe1 {[%emt 0:12:40]} Ne7 {[%emt 0:05:28]} 21. Qd6 {[%emt 0:05:07]} Nf5 {[%emt 0:00:48]} 22. Bxf5 {[%emt 0:00:08]} Bxf5 {[%emt 0:00:07]} 23. Re8+ {[%emt 0:00:39]} 1-0

[Event "AUT-ch Open 2020"]
[Site "Graz"]
[Date "2020.02.15"]
[Round "2.23"]
[White "Halvax, Georg"]
[Black "Yeritsyan, Aram"]
[Result "1/2-1/2"]
[WhiteElo "2428"]
[BlackElo "2283"]
[Annotator "TA"]
[PlyCount "112"]
[EventDate "2020.02.14"]
[EventType "swiss"]
[EventCountry "AUT"]
[SourceTitle "playchess.com"]
[Source "ChessBase"]
[SourceQuality "1"]

{[%evp 10,112,30,30,29,17,21,22,32,33,20,29,27,20,20,0,0,-40,0,0,7,0,9,0,0,0,11,10,31,33,78,12,34,28,39,32,104,103,96,104,118,109,128,75,81,87,79,68,88,88,104,46,67,68,81,36,45,34,37,31,19,13,146,115,154,179,196,157,196,147,202,212,214,221,220,217,221,208,180,86,84,87,56,0,0,0,0,0,0,0,580,525,801,0,0,0,0,0,0,0,0,0,0,0,0]} 1. d4 Nf6 2. c4 e6 3. Nf3 Bb4+ 4. Bd2 Qe7 5. g3 Bxd2+ 6. Qxd2 Nc6 {E11: Bogo-Indian.} 7. Nc3 {7.b3 deserves study.} d5 8. Bg2 dxc4 9. Ne5 Nxe5 10. dxe5 Nd7 11. Qd4 Qb4 12. O-O-O O-O 13. a3 {[#]} Qe7 $146 ({Predecessor:} 13... Qb6 14. f4 Qxd4 15. Rxd4 Nb6 16. Rhd1 a6 17. e4 Rb8 18. Bf1 f6 19. exf6 gxf6 {1-0 (45) Hollan,M (2341)-Jedlicka,A (2221) Prague 2018}) 14. Ne4 a5 15. f4 Nb6 16. Qc5 Qxc5 17. Nxc5 Nd5 18. Bf3 c3 19. b3 {[%mdl 1024] White has compensation.} b6 {[#]} 20. Na4 (20. Nxe6 $1 $16 {[%mdl 512]} fxe6 (20... Bxe6 21. Bxd5) 21. Rxd5) 20... Bb7 21. e4 $36 {[%mdl 2048] [#] White fights for an advantage.} c2 $1 {[%cal Rc2d1][%mdl 512]} 22. Rd2 (22. Kxc2 Ne3+) 22... Ne3 (22... Ne7 $1 $14) 23. Re1 $16 {[#]} Nf5 $1 {[%mdl 512]} 24. Bh1 (24. exf5 Bxf3) 24... Nh6 25. Rxc2 Rac8 26. Rd1 ({Better is} 26. Re3) 26... f5 27. exf6 gxf6 28. h3 Rf7 29. g4 Kg7 30. Kb2 (30. e5 $1 $16 Bxh1 31. exf6+ (31. Rxh1 fxe5 32. Nxb6 Rb8 $11) 31... Kxf6 32. Rxh1) 30... Re8 31. Nc3 e5 32. f5 Ree7 33. Rcd2 Rf8 34. a4 Bc6 35. Ne2 Rff7 (35... Nf7 $11 {remains equal.}) 36. Ng3 Ng8 37. Rd8 Re8 38. Nh5+ Kf8 39. h4 h6 (39... Rxd8 $16 40. Rxd8+ Be8) 40. Bf3 $18 Rxd8 41. Rxd8+ Be8 42. Rc8 $1 Rd7 {Hoping for ...Rd3.} 43. Kc3 Rd6 44. Be2 (44. Ng7 $18 Kxg7 45. Rxe8) 44... Ne7 $16 45. Ra8 $1 {Threatens to win with Nxf6!} Nc6 46. Bc4 (46. Bb5 $14) 46... Ke7 $11 47. Nxf6 Rxf6 48. g5 hxg5 49. hxg5 Rf8 $2 {[%mdl 8192]} (49... Rd6 $1 $11 {and Black is okay.} 50. f6+ Kd7) 50. f6+ $1 $18 Kd7 {...Nd8 is the strong threat.} 51. g6 $2 (51. Bb5 $18 Kd6 52. Bxc6 Kxc6 53. f7 Rxf7 54. Rxe8) 51... Rxf6 $11 {The position is equal.} 52. g7 Ne7 53. Bb5+ c6 54. Ra7+ Kd8 $1 ({Not} 54... Kd6 $2 55. Rxe7 $1 {[%mdl 512]} Kxe7 56. g8=Q $18) 55. Ra8+ Kd7 {Strongly threatening ...Rg6.} 56. Ra7+ Kd8 $1 {Accuracy: White = 78%, Black = 75%.} ({Weaker is} 56... Kd6 {[#]} 57. Rxe7 $1 {[%mdl 576] Remove Defender} Kxe7 58. g8=Q $18) 1/2-1/2